Statistiques concernant Circulaires faluchards

Cliquez ici pour prendre le quiz!

Statistiques générales

  • Ce quiz a été pris 12 fois
  • Le résultat moyen est 15 sur 25

Statistiques - réponses

HintRéponse% Correct
Velours bordeauxDentiste
88%
Velours rougeMédecine
88%
Velours bleu royOstéo
88%
Satin marronPrépa
88%
Satin rougeDroit / AES
75%
Bleu et noirIngénieur
75%
Satin blancIUT / BTS
75%
Satin argentéMusicologie
75%
Satin rose saumonOenologie
75%
Velours roseParamédical
75%
Velours vertPharmacie
75%
Velours fuchsiaSage-femme
75%
Satin violetSciences
75%
Satin vert foncéSTAPS
75%
Velours marronPrépa santé
63%
Bleu et rougeSciences po
63%
Velours violetVétérinaire
63%
Satin bleuArts
50%
Rouge et vertEcole de commerce
50%
Satin grisENS / INSPE
38%
Blanc et rougeLa catho
38%
Satin jauneLSH
25%
Rouge et noirNotaire
25%
Velours amaranteEcole de Santé des Armées
13%
Satin orangeSciences économie gestion
0%

Distribution des résultats

Percentile par nombre de réponses

% des personnes avec chaque résultat

Votre développement - résultats

Vous n’avez pas pris ce quiz